Tardes americanas (Record no. 205)
[ view plain ]
| 000 -CABECERA | |
|---|---|
| campo de control de longitud fija | 01185nam a2200241 a 4500 |
| 001 - NÚMERO DE CONTROL | |
| campo de control | BRCA_249 |
| 005 - FECHA Y HORA DE LA ÚLTIMA TRANSACCIÓN | |
| campo de control | 20190320202932.0 |
| 008 - DATOS DE LONGITUD FIJA--INFORMACIÓN GENERAL | |
| campo de control de longitud fija | 871125s1984----mx-#---###---f001-0#spa-# |
| 040 ## - FUENTE DE LA CATALOGACIÓN | |
| Centro catalogador/agencia de origen | DLC |
| Centro/agencia transcriptor | DLC |
| Centro/agencia modificador | DLC |
| 041 ## - CÓDIGO DE LENGUA | |
| Código de lengua del texto/banda sonora o título independiente | spa |
| 044 ## - CÓDIGO DEL PAÍS DE LA ENTIDAD EDITORA/PRODUCTORA | |
| Código MARC del país | mx |
| 050 #4 - SIGNATURA TOPOGRÁFICA DE LA BIBLIOTECA DEL CONGRESO | |
| Número de clasificación | F1219 |
| Número de documento/Ítem | .G73 1984 |
| 100 1# - ENTRADA PRINCIPAL--NOMBRE DE PERSONA | |
| Nombre de persona | Granados y Gálvez, Joseph Joaquín |
| 9 (RLIN) | 863 |
| 245 10 - MENCIÓN DE TÍTULO | |
| Título | Tardes americanas |
| Resto del título | gobierno gentil y católico : breve y particular noticia de toda la historia indiana : sucesos, casos notables, y cosas ignoradas, desde la entrada de la Gran Nación Tolteca a esta tierra de Anáhuac, hasta los presentes tiempos |
| Mención de responsabilidad, etc. | trabajadas por un indio y un español ; sácalas a luz, Joseph Joaquín Granados y Gálvez ; nota introductoria Roberto Moreno de los Arcos. |
| 260 ## - PUBLICACIÓN, DISTRIBUCIÓN, ETC. | |
| Lugar de publicación, distribución, etc. | México |
| Nombre del editor, distribuidor, etc. | Centro de Estudios de Historia de México Condumex |
| Fecha de publicación, distribución, etc. | 1984 |
| 300 ## - DESCRIPCIÓN FÍSICA | |
| Extensión | xxi, 540 p. |
| Dimensiones | 21 cm. |
| 500 ## - NOTA GENERAL | |
| Nota general | Facsímil de : México : Imprenta Matritense de D. Felipe de Zuñiga y Ontiveros, 1778 |
| 650 14 - PUNTO DE ACCESO ADICIONAL DE MATERIA--TÉRMINO DE MATERIA | |
| Término de materia o nombre geográfico como elemento de entrada | Indígenas de México |
| Subdivisión general | Misiones |
| 9 (RLIN) | 864 |
| 650 14 - PUNTO DE ACCESO ADICIONAL DE MATERIA--TÉRMINO DE MATERIA | |
| Término de materia o nombre geográfico como elemento de entrada | Misiones |
| Subdivisión general | Historia |
| Subdivisión geográfica | México |
| 9 (RLIN) | 865 |
| 651 #4 - PUNTO DE ACCESO ADICIONAL DE MATERIA--NOMBRE GEOGRÁFICO | |
| Nombre geográfico | México |
| Subdivisión general | Historia |
| Subdivisión cronológica | 1540-1810 |
| Subdivisión geográfica | Colonia española |
| 9 (RLIN) | 866 |
| 700 1# - PUNTO DE ACCESO ADICIONAL--NOMBRE DE PERSONA | |
| Nombre de persona | Moreno de los Arcos, Roberto |
| 9 (RLIN) | 867 |
| 942 ## - ELEMENTOS DE PUNTO DE ACCESO ADICIONAL (KOHA) | |
| Fuente del sistema de clasificación o colocación | Library of Congress Classification |
| Tipo de ítem Koha | Libros |
| Estado de retiro | Estado de pérdida | Estado dañado | No para préstamo | Localización permanente | Ubicación/localización actual | Fecha de adquisición | Total de préstamos | Signatura topográfica completa | Código de barras | Fecha visto por última vez | Precio válido a partir de | Tipo de ítem Koha |
|---|---|---|---|---|---|---|---|---|---|---|---|---|
| El ejemplar forma parte de la colección y puede ser consultado según las políticas vigentes. | Biblioteca del Museo Franz Mayer (Rogerio Casas-Alatriste) | Biblioteca del Museo Franz Mayer (Rogerio Casas-Alatriste) | 25/06/2008 | F1219 .G73 1984 | 00312 | 22/03/2019 | 22/03/2019 | Libros |